000 00336nam a2200133Ia 4500
005 20251222143157.0
008 251222s9999||||xx |||||||||||||| ||spa||
020 _a978-84-9732-547-9
082 _a005.43/C25
100 _aCandela Solá, Santiago
245 0 _aFundamentos de Sistemas Operativos:
264 _bThomson
942 _cLIB
999 _c12925
_d12925